| 000 | 00833nam a2200205 i 4500 | ||
|---|---|---|---|
| 001 | 81615 | ||
| 003 | ES-MaACL | ||
| 005 | 20250813232022.0 | ||
| 007 | t| | ||
| 008 | 041105s1913 fr ||||1| fre d | ||
| 100 | 1 |
_aHubert, Herman. _964499 |
|
| 245 | 1 | 0 |
_aPrécis des cours de Mécanique appliquée et de physique industrielle del'Université de Liége / _cpar Herman Hubert. |
| 250 | _a2ème ed. rev. et augm. | ||
| 260 |
_aParis ; _aLiege : _b[s.n., _c1913] ( _fVaillant-Carmanne) |
||
| 300 |
_a3 v. ; _c25 cm. |
||
| 505 | 8 | _aContiene: V. I: Physique industrielle. -- V. II: Résistance des matériaux. -- V. III: Lois générales du mouvement des machines. Etude de moteurs thermiques et des moteurs áa pesanteur | |
| 650 | 7 |
_aMecánica aplicada _2embne _9136475 |
|
| 852 |
_aES-MaACL _jB-4536-38 |
||
| 999 |
_c81615 _d81615 |
||